GST Rates of Tax/ (Record no. 192514)

MARC details
000 -LEADER
fixed length control field 00524nam a22001817a 4500
005 - DATE AND TIME OF LATEST TRANSACTION
control field 20220926122407.0
010 ## - LCCN (DPL NO)
LC control number ENG-135210
020 ## - INTERNATIONAL STANDARD BOOK NUMBER
Terms of availability 1350.00
International Standard Book Number 9789382730491
035 ## - SYSTEM CONTROL NUMBER
System control number EN-118742
037 ## - SOURCE OF ACQUISITION
Source of stock number/acquisition DBAD/PUB
082 ## - DEWEY DECIMAL CLASSIFICATION NUMBER
Edition number 336.2714
100 ## - MAIN ENTRY--PERSONAL NAME
Personal name Khandare,D.M.
245 ## - TITLE STATEMENT
Title GST Rates of Tax/
Statement of responsibility, etc by D.M.Khandare
260 ## - PUBLICATION, DISTRIBUTION, ETC. (IMPRINT)
Place of publication, distribution, etc Kanpur
Name of publisher, distributor, etc Garima Prakashan
Date of publication, distribution, etc 2018
270 ## - ADDRESS
City Kanpur
Address Ist Floor,Mayur Park,Vasat Vihar Naubasta,
Postal code 21
300 ## - PHYSICAL DESCRIPTION
Extent viii,336p.
Dimensions 22cm(Hb)
942 ## - ADDED ENTRY ELEMENTS (KOHA)
Source of classification or shelving scheme Dewey Decimal Classification
Item type English Books
Classification part 336.2714
Call number suffix KHA
Holdings
Withdrawn status Lost status Not for loan Collection code Home library Current library Date acquired Source of acquisition Cost, normal purchase price Full call number Barcode Copy number Cost, replacement price Koha item type
      Non-fiction R.K.Puram-8 R.K.Puram-8 26/09/2022 DBAD/PUB 1350.00 336.2714 KHA EN-118742 1 1350.00 English Books

© Delhi Public Library
Hit Counter
free hit counter